Executive resource management / (Record no. 345435)
[ view plain ]
| 000 -LEADER | |
|---|---|
| fixed length control field | 01888 a2200181 4500 |
| 020 ## - INTERNATIONAL STANDARD BOOK NUMBER | |
| International Standard Book Number | 8172249225 |
| 020 ## - INTERNATIONAL STANDARD BOOK NUMBER | |
| International Standard Book Number | 9788172249229 |
| 090 ## - LOCALLY ASSIGNED LC-TYPE CALL NUMBER (OCLC); LOCAL CALL NUMBER (RLIN) | |
| -- | 2945 |
| -- | 2945 |
| 100 1# - MAIN ENTRY--PERSONAL NAME | |
| Personal name | Barner, Robert. |
| 245 10 - TITLE STATEMENT | |
| Title | Executive resource management / |
| Statement of responsibility, etc. | Robert Barner. |
| 260 ## - PUBLICATION, DISTRIBUTION, ETC. | |
| Place of publication, distribution, etc. | [S.l.] : |
| Name of publisher, distributor, etc. | Jaico Publishing House, |
| Date of publication, distribution, etc. | 2005. |
| 300 ## - PHYSICAL DESCRIPTION | |
| Extent | 402 p. |
| 500 ## - GENERAL NOTE | |
| General note | Hardcover. |
| 520 ## - SUMMARY, ETC. | |
| Summary, etc. | More than any other factor--capital, technology, or resources--executive ability is an organization's most precious asset and its most valuable competitive advantage. Written for human resource professionals, executive development specialists, and senior managers, Executive Resource Management introduces a proven executive resource planning process that can help any business create, develop, and sustain a high-performing executive leadership team. Using this new executive resource paradigm, an organization can link its business requirements to the key leadership abilities of its executives. Author Robert Barner outlines how to assess and select top-level personnel and manage relationships with external search firms that will improve the overall success rate of executive hiring ventures. He presents a practical approach for targeting the strengths of individual executives and offers an effective method for cultivating their long-term potential. Addressing the turbu! lent nature of the business marketplace, the book also shows how to maintain corporate performance objectives while overseeing the disruptive process of executive transition. Executive Resource Management is a must-have resource for anyone charged with ensuring an organization's competitive edge in the new century. |
| 856 40 - ELECTRONIC LOCATION AND ACCESS | |
| Materials specified | Amazon.com |
| Uniform Resource Identifier | <a href="http://www.amazon.com/exec/obidos/ASIN/8172249225/chopaconline-20">http://www.amazon.com/exec/obidos/ASIN/8172249225/chopaconline-20</a> |
| 856 40 - ELECTRONIC LOCATION AND ACCESS | |
| Materials specified | Amazon customer reviews |
| Uniform Resource Identifier | <a href="http://www.chopac.org/cgi-bin/tools/azrev.pl?q=8172249225">http://www.chopac.org/cgi-bin/tools/azrev.pl?q=8172249225</a> |
| 942 ## - ADDED ENTRY ELEMENTS (KOHA) | |
| Institution code [OBSOLETE] | NBS |
| Koha item type | Book |
| Call number prefix | 658.4092 BAR |
| Withdrawn status | Lost status | Damaged status | Not for loan | Permanent Location | Current Location | Date acquired | Total Checkouts | Full call number | Barcode | Date last seen | Price effective from | Koha item type |
|---|---|---|---|---|---|---|---|---|---|---|---|---|
| Central Library (CL) | Central Library (CL) | 08/28/2013 | 658.4092 BAR | NBS6841 | 08/28/2013 | 08/28/2013 | Book |
